Datum a čas kvízu
27.5
Celkem bodů
Celkový počet nahraných bodů na tomto kvízu bez doplňovacích otázek.
10.
Pořadí na kvízu
Konečné umístění týmu na tomto kvízu.
Zaznamenané odpovědi
| # | Otázka | Odpověď | Body | Výsledky |
|---|---|---|---|---|
| 1. | Ve věku 97 let nás opustil Jiř... | D) stenograf | 1 | |
| 2. | V pondělí začalo největší nábo... | v Indii | 1 | |
| 3. | V pondělí byly odhaleny nomina... | Vlny | 0 | |
| 4. | V úterý vzlétla do vesmíru pom... | A) TROLL | 1 | |
| 5. | Kterému týmu se minulý týden p... | Buffalo Sabres | 0 | |
| 6. | Na kterém ostrově se měl nachá... | na Krétě | 1 | |
| 7. | Labyrint je specializovaný org... | D | 0 | |
| 8. | Labyrinty jsou oblíbeným motiv... | Piet Mondrian | 1 | |
| 9. | Která kost lebky obsahuje kost... | kost spánková | 1 | |
| 10. | Jak se jmenuje kniha, v níž vy... | Labyrint světa a ráj srdce | 0 |